000 01283cam a2200313 i 4500
003 CO-BoPUJ
005 20250808151503.0
007 ta
008 190311s2018 ck ao gr 000 0 spa d
015 _aSSN
020 _a9789585487062
040 _aCO-BoPUJ
_cCO-JMCR
043 _as-ck---
082 0 4 _aJ-C
_bBUEd
100 1 _aBuenaventura Vidal, Nicolás,
_eautor
_9846
245 1 3 _aLa dicha de la palabra dicha /
_cNicolás Buenaventura ; edición, Antonio García Ángel ; ilustrado por Geison Castañeda
250 _aPrimera edición.
264 1 _aBogotá :
_bAlcaldía Mayor de Bogotá ;
_bInstituto Distrital De Las Artes - IDARTES,
_c2018.
300 _a107, 5 páginas :
_bilustraciones, fotos a blanco y negro ;
_c17 cm.
490 1 _aLibro al viento ;
_aColección inicial ;
_v134.
520 _aLas palabras, aburridas de nombrar, decidieron ser nombradas: dijeron mujer, dijeron hombre, y las palabras mujer y hombre caminaron, se encontraron, se nombraron y se amaron.
650 1 4 _aCuentos colombianos
_9847
650 2 4 _aLiteratura colombiana
_9848
650 2 4 _aLiteratura infantil
_9648
700 1 _aGarcía Ángel, Antonio,
_eeditor
_9809
700 1 _aCastañeda, Geison
_eilustrador
_9849
830 0 _aLibro al viento
_9842
942 _2ddc
_cBK
999 _c6578
_d6578